01453nam a2200337Ia 4500001001200000003000800012006001900020007001500039008004100054010001700095020001500112020001500127020002200142040002100164035002100185050002400206082001500230100002100245245013300266250001200399260004400411300001100455504006600466505022700532533015200759650001300911650001900924655002900943710001700972856012600989ebr10135493CaPaEBRm u cr cn|||||||||040816s2005 nyu sb 001 0 eng d z 2004057317 z1403978786 z1403968349 z1403968721 (pbk.) aCaPaEBRcCaPaEBR a(OCoLC)56018933314aHM1266b.A44 2005eb04a323.442221 aAlford, C. Fred.10aRethinking freedomh[electronic resource] :bwhy freedom has lost its meaning and what can be done to save it /cC. Fred Alford. a1st ed. aNew York :bPalgrave Macmillan,cc2005. a169 p. aIncludes bibliographical references (p. [151]-157) and index.0 aCh. 1. Freedom or power? -- Ch. 2. Borderlines of freedom -- Ch. 3. Bad faith? -- Ch. 4. Mastery and respite -- Ch. 5. Freedom is seeing reality clearly -- Ch. 6. Transgression with others -- Ch. 7. Aristocrats of freedom. aElectronic reproduction.bPalo Alto, Calif. :cebrary,d2009.nAvailable via World Wide Web.nAccess may be limited to ebrary affiliated libraries. 0aLiberty. 0aIndividuality. 7aElectronic books.2local2 aebrary, Inc.40uhttp://site.ebrary.com/lib/rucke/Doc?id=10135493zAn electronic book accessible through the World Wide Web; click to view